Rǧimen jurd̕ico de los tčnicos de prevencin̤ de riesgos laborales obligaciones, garanta̕s y responsabilidades /

Detalles Bibliográficos
Autor principal: Garca̕ Gonzl̀ez, Guillermo
Formato: eBook
Lenguaje:español
Publicado: Madrid: Dykinson, 2019
Materias:
Acceso en línea:Acceso restringido

MARC

LEADER 00000nam a22000007a 4500
005 20200422164042.0
007 cr|||| ||||
008 200422s2019 es |||||s|||| 00||0 spa d
020 |a 978-84-1324-626-0 
035 |a 31465 
040 |a vLex 
090 |c 10332  |d 10332 
100 1 |a Garca̕ Gonzl̀ez, Guillermo 
245 1 0 |a Rǧimen jurd̕ico de los tčnicos de prevencin̤ de riesgos laborales  |h [Recurso electrn̤ico] :  |b obligaciones, garanta̕s y responsabilidades /  |c Guillermo Garca̕ Gonzl̀ez 
256 |a Servicio en ln̕ea 
260 |a Madrid:  |b Dykinson,  |c 2019 
300 |a 1 recurso electrn̤ico 
506 1 |a Disponible solo en los productos indicados  |d vLex Global  |d vLex Global (Academic Edition, excluding Law Schools)  |d vLex Global (U.S. Academic Edition, Law Schools)  |d vLex Global (U.S. Academic Edition, excluding Law Schools)  |d vLex Global (Academic Edition, Law Schools) 
650 0 4 |a Derecho Laboral y Seguridad Social  |z Espaą 
740 0 |a vLex Libros (Servicio en ln̕ea) 
856 4 0 |u http://vlex.com/source/regimen-juridico-tecnicos-prevencion-riesgos-laborales-obligaciones-garantias-responsabilidades-31465  |z Acceso restringido 
942 |c BOOK 
999 0 |a Labor law and social security